Evaluation of selected varieties of indian spinach (basella alba l.) against cercospora leaf spot and its management / (Record no. 15299)
[ view plain ]
| 000 -LEADER | |
|---|---|
| fixed length control field | 00921nam a22002297a 4500 |
| 003 - CONTROL NUMBER IDENTIFIER | |
| control field | BD-DhSAU |
| 005 - DATE AND TIME OF LATEST TRANSACTION | |
| control field | 20220929171952.0 |
| 008 - FIXED-LENGTH DATA ELEMENTS--GENERAL INFORMATION | |
| fixed length control field | 210922b |||||||| |||| 00| 0 eng d |
| 040 ## - CATALOGING SOURCE | |
| Original cataloging agency | BD-DhSAU |
| 082 ## - DEWEY DECIMAL CLASSIFICATION NUMBER | |
| Edition number | 22 |
| Classification number | 571.92 |
| Item number | Os45 |
| 100 ## - MAIN ENTRY--PERSONAL NAME | |
| Personal name | OSHIN, SADIA KADER |
| Relator term | REGISTRATION NO.: 13-05597 |
| 245 ## - TITLE STATEMENT | |
| Title | Evaluation of selected varieties of indian spinach (basella alba l.) against cercospora leaf spot and its management / |
| Remainder of title | Ms Thesis |
| 260 ## - PUBLICATION, DISTRIBUTION, ETC. (IMPRINT) | |
| Place of publication, distribution, etc. | Sher-e-Bangla Agricultural University, Dhaka-1207, |
| Name of publisher, distributor, etc. | Department of Plant Pathology, |
| Date of publication, distribution, etc. | 2020 |
| 300 ## - PHYSICAL DESCRIPTION | |
| Extent | x.; 80p.; |
| Dimensions | 30cm.; |
| 590 ## - Name of Cataloguer | |
| Name of Cataloger | nazmul |
| 600 ## - SUBJECT ADDED ENTRY--PERSONAL NAME | |
| Fuller form of name | indian spinach (basella alba l.) |
| 610 ## - SUBJECT ADDED ENTRY--CORPORATE NAME | |
| Corporate name or jurisdiction name as entry element | gainst cercospora leaf spot |
| 700 ## - ADDED ENTRY--PERSONAL NAME | |
| Personal name | Prof. Dr. Fatema Begum |
| Relator term | Supervisor |
| 710 ## - ADDED ENTRY--CORPORATE NAME | |
| Corporate name or jurisdiction name as entry element | Prof. Dr. Nazneen Sultana |
| Relator term | Co-Supervisor |
| 856 ## - ELECTRONIC LOCATION AND ACCESS | |
| Uniform Resource Identifier | <a href="http://archive.saulibrary.edu.bd:8080/xmlui/handle/123456789/3279">http://archive.saulibrary.edu.bd:8080/xmlui/handle/123456789/3279</a> |
| Link text | Online Access |
| 942 ## - ADDED ENTRY ELEMENTS (KOHA) | |
| Source of classification or shelving scheme | Dewey Decimal Classification |
| Koha item type | MS Level Thesis |
| Withdrawn status | Lost status | Source of classification or shelving scheme | Damaged status | Not for loan | Home library | Branch Name | Shelving location | Date acquired | Total Checkouts | Full call number | Barcode | Date last seen | Price effective from | Koha item type |
|---|---|---|---|---|---|---|---|---|---|---|---|---|---|---|
| Dewey Decimal Classification | Not For Loan | SAU Library | SAU Library | Reference | 22/09/2021 | 571.92 Os45 | 42682 | 22/09/2021 | 22/09/2021 | MS Level Thesis |
